<?xml version="1.0" encoding="UTF-8"?><?xml-stylesheet type="text/xsl" href="static/style.xsl"?><OAI-PMH xmlns="http://www.openarchives.org/OAI/2.0/" xmlns:xsi="http://www.w3.org/2001/XMLSchema-instance" xsi:schemaLocation="http://www.openarchives.org/OAI/2.0/ http://www.openarchives.org/OAI/2.0/OAI-PMH.xsd"><responseDate>2026-04-17T10:26:22Z</responseDate><request verb="GetRecord" identifier="oai:riubu.ubu.es:10259/4207" metadataPrefix="marc">https://riubu.ubu.es/oai/request</request><GetRecord><record><header><identifier>oai:riubu.ubu.es:10259/4207</identifier><datestamp>2021-11-02T12:07:14Z</datestamp><setSpec>com_10259.4_2548</setSpec><setSpec>com_10259_5086</setSpec><setSpec>com_10259_2604</setSpec><setSpec>col_10259_4212</setSpec></header><metadata><record xmlns="http://www.loc.gov/MARC21/slim" xmlns:doc="http://www.lyncode.com/xoai" xmlns:xsi="http://www.w3.org/2001/XMLSchema-instance" xmlns:dcterms="http://purl.org/dc/terms/" xsi:schemaLocation="http://www.loc.gov/MARC21/slim http://www.loc.gov/standards/marcxml/schema/MARC21slim.xsd">
<leader>00925njm 22002777a 4500</leader>
<datafield tag="042" ind1=" " ind2=" ">
<subfield code="a">dc</subfield>
</datafield>
<datafield tag="720" ind1=" " ind2=" ">
<subfield code="a">Menéndez Menéndez, María Isabel</subfield>
<subfield code="e">author</subfield>
</datafield>
<datafield tag="260" ind1=" " ind2=" ">
<subfield code="c">2014-12</subfield>
</datafield>
<datafield tag="520" ind1=" " ind2=" ">
<subfield code="a">Symbolic violence is an analytical category that permits the discovery of practices that contribute to the reproduction of violence against women. However, due to the subtlety of these practices and the disposition of the oppressed group towards complicity as an effect that is incorporated within the same domination, it becomes difficult to perceive them as oppressive. This concealment of the message of cultural industries and its discourse, based on the sublimation of stereotypes, tolerance towards certain types of aggression and the legitimization of certain power relations, finally constructs a discriminatory message that becomes a breeding ground for violence against women.</subfield>
</datafield>
<datafield tag="024" ind2=" " ind1="8">
<subfield code="a">1877-0428</subfield>
</datafield>
<datafield tag="024" ind2=" " ind1="8">
<subfield code="a">http://hdl.handle.net/10259/4207</subfield>
</datafield>
<datafield tag="024" ind2=" " ind1="8">
<subfield code="a">10.1016/j.sbspro.2014.12.011</subfield>
</datafield>
<datafield ind1=" " ind2=" " tag="653">
<subfield code="a">symbolic violence</subfield>
</datafield>
<datafield ind1=" " ind2=" " tag="653">
<subfield code="a">means of communication</subfield>
</datafield>
<datafield ind1=" " ind2=" " tag="653">
<subfield code="a">feminism</subfield>
</datafield>
<datafield ind1=" " ind2=" " tag="653">
<subfield code="a">domination</subfield>
</datafield>
<datafield ind1=" " ind2=" " tag="653">
<subfield code="a">Bourdieu</subfield>
</datafield>
<datafield tag="245" ind1="0" ind2="0">
<subfield code="a">Cultural industries and symbolic violence: practices and discourses that perpetuate inequality</subfield>
</datafield>
</record></metadata></record></GetRecord></OAI-PMH>